Der variszische Stockwerkbau des Unterwerra-Grundgebirges das tektonische Bindeglied zwischen Harz und Rheinischem Schiefergebirge /

Hlavní autor: Schmid, Martin, disertace, osobní automobily
Jazyk: Němčina
Vydáno: Braunschweig : Technische Universität Carolo-Wilhelmina, 1991
Fyzický popis: 82 s. + příl.
Knihy
Uloženo v:
LEADER 00758nam a22001932a 4500
001 000140523
003 CZ BrMZK
005 19970103143423.0
008 970103s1991 gw f ger d
040 |a BOA001  |b cze 
080 |a 551.24(234.51+234.59)  |2 MRF 
100 1 |a Schmid, Martin,  |c disertace, osobní automobily 
245 1 4 |a Der variszische Stockwerkbau des Unterwerra-Grundgebirges das tektonische Bindeglied zwischen Harz und Rheinischem Schiefergebirge /  |c Martin Schmid. 
260 |a Braunschweig :  |b Technische Universität Carolo-Wilhelmina,  |c 1991 
300 |a 82 s. +  |e příl. 
500 |a Disertace 
910 |a BOA001  |b TK-A-0255.786 
990 |a BK 
996 7 |b 2629983725  |c TK-A-0255.786  |l MZK  |r Sklad / do 24 hodin  |n 0  |w 000140523  |u 000010  |a 1  |e BOA001  |j MZK50  |s A